|
|
|
|
| LEADER |
00000nab a2200000 a 4500 |
| 001 |
vtls000826151 |
| 003 |
SK-MaSNL |
| 005 |
20260318114728.0 |
| 008 |
141024c2003 xo 0 hun |
| 015 |
|
|
|a SNBRB2003/02-05955
|
| 035 |
|
|
|a CLN000177806
|
| 040 |
|
|
|a SNKBUCL
|b slo
|c SNKBUCL
|e AACR2
|
| 041 |
0 |
|
|a hun
|
| 044 |
|
|
|a xo
|c SK
|
| 080 |
|
|
|a 373.6:69(437.6)(058)
|2 1997
|
| 100 |
1 |
|
|a Ágné, Erzsébet B.
|4 aut
|9 1615685
|
| 245 |
1 |
0 |
|a Szakma és lélek
|c Ágné B. Erzsébet
|
| 300 |
|
|
|b Fotogr.
|
| 500 |
|
|
|a Súčasťou je báseň Jánosa Patusa letre hívó
|
| 610 |
|
7 |
|a Stredná priemyselná škola stavebná (Hurbanovo, Slovensko)
|x ročenky
|y 2001/2002
|2 snkbucl
|9 1615686
|
| 651 |
|
7 |
|a Komárno (Slovensko : okres)
|2 snkbucl
|9 15954
|
| 655 |
|
7 |
|a články z novín a časopisov
|2 snkbucl
|9 267496
|
| 773 |
0 |
|
|t Katedra
|g Roč. 10, č. 5 (2003), s. 15
|x 1335-6445
|
| 850 |
|
|
|a Slovenská národná knižnica v Martine
|
| 852 |
|
|
|a SNK
|b KIS3GCP
|
| 958 |
|
|
|a HU
|
| 958 |
|
|
|a SK
|
| 999 |
|
|
|c 3328939
|d 3330869
|